Central Library OPAC University of Rajshahi

الميسر والازلام :[almaysir walazlam ]: (Record no. 79663)

MARC details
000 -LEADER
fixed length control field 00967nam a2200217 a 4500
001 - CONTROL NUMBER
control field 79663
003 - CONTROL NUMBER IDENTIFIER
rucl marc code BD-RjUL
005 - DATE AND TIME OF LATEST TRANSACTION
control field 20220404130829.0
008 - FIXED-LENGTH DATA ELEMENTS--GENERAL INFORMATION
fixed length control field 220404s1953 ua 000 0 ara d
035 ## - SYSTEM CONTROL NUMBER
System control number (BD-RjUL)79663
040 ## - CATALOGING SOURCE
Original cataloging agency BAR
Language of cataloging eng
Transcribing agency BD-RjUL
041 ## - LANGUAGE CODE
Language code of text/sound track or separate title ara
082 ## - DEWEY DECIMAL CLASSIFICATION NUMBER
Classification number 892.74
Author mark and year HAM 1953
100 1# - MAIN ENTRY--PERSONAL NAME
Personal name [Haroun, Abdul Salam Muhammad ];; هارون، عبد السلام محمد
9 (RLIN) 2249
245 12 - TITLE STATEMENT
Title الميسر والازلام :[almaysir walazlam ]:
Remainder of title دراسة تاريخية اجتماعية أدبية ودعوة الى اصلاح اجتماعي /[dirasat tarikhiat ajtimaeiat 'adabiat wadaewat alaa asilah ajtimaeiun] /
Statement of responsibility, etc. عبد السلام محمد هارون.[Abdul Salam Muhammad Haroun.]
260 ## - PUBLICATION, DISTRIBUTION, ETC. (IMPRINT)
Place of publication, distribution, etc. القاهرة :[alqahirat] :
Name of publisher, distributor, etc. دار الفكر العربي,[dar alfikr alearabiu],
Date of publication, distribution, etc. 1953.
300 ## - PHYSICAL DESCRIPTION
Pagination 106 ص. ;
Size 20 س.
650 #4 - SUBJECT ADDED ENTRY--TOPICAL TERM
Topical term or geographic name as entry element Gambling
Geographic subdivision Islamic Empire
9 (RLIN) 2250
Topical term or geographic name as entry element Gambling in literature
9 (RLIN) 2251
942 ## - ADDED ENTRY ELEMENTS (KOHA)
Source of classification or shelving scheme Dewey Decimal Classification
Koha item type Books
Holdings
Lost status Source of classification or shelving scheme Damaged status Not for loan Collection code Permanent Location Current Location Shelving location Date acquired Full call number Date last seen Copy number Koha item type
  Dewey Decimal Classification   Not For Loan Non-fiction Central Library, University of Rajshahi Central Library, University of Rajshahi Reading Room 04/04/2022 A 892.74 HAM 1953 04/04/2022 C-1 Books